[Event "24. Torneo Colllado Villalba"]
[Site "Collado Villalba ESP"]
[Date "2007.08.24"]
[Round "2.28"]
[White "Peñalosa Pinilla, Jesus"]
[Black "Martin Mesa, Jose Maria"]
[Result "0-1"]
[WhiteElo "2207"]
[BlackElo "2102"]
[PlyCount "78"]
[EventDate "2007.08.23"]
[EventType "swiss"]
[EventRounds "9"]
[EventCountry "ESP"]
[Source "lmi"]
[SourceDate "2007.08.23"]

1. e4 e5 2. Nf3 Nc6 3. Bb5 a6 4. Ba4 Nf6 5. O-O b5 6. Bb3 Be7 7. Re1 O-O 8. c3
d5 9. exd5 Nxd5 10. Nxe5 Nxe5 11. Rxe5 Bb7 12. d4 Bf6 13. Re1 Re8 14. f3 b4 15.
Bxd5 Qxd5 16. Nd2 bxc3 17. Rxe8+ Rxe8 18. Nb3 c2 19. Qd3 Re1+ 20. Kf2 Rd1 21.
Qxc2 Bxd4+ 22. Be3 Bxe3+ 23. Kxe3 Qg5+ 24. Kf2 Qh4+ 25. Ke3 Qe1+ 26. Kf4 Rxa1
27. Nxa1 Qxa1 28. Qxc7 g5+ 29. Kxg5 Qxb2 30. Kf4 Kg7 31. Kg3 Bd5 32. a4 Qf6 33.
a5 Qg5+ 34. Kf2 h5 35. h3 h4 36. Qc3+ Qf6 37. Qb4 Be6 38. Qb6 Bc4 39. Qb4 Qd4+
0-1

[Event "24. Torneo Colllado Villalba"]
[Site "Collado Villalba ESP"]
[Date "2007.08.24"]
[Round "2.29"]
[White "Collado Barbas, Alberto"]
[Black "Lorite Cruz, Francisco"]
[Result "0-1"]
[WhiteElo "1883"]
[BlackElo "2159"]
[PlyCount "72"]
[EventDate "2007.08.23"]
[EventType "swiss"]
[EventRounds "9"]
[EventCountry "ESP"]
[Source "lmi"]
[SourceDate "2007.08.23"]

1. d4 c5 2. d5 e5 3. c4 d6 4. Nc3 Be7 5. e4 Nf6 6. Be2 O-O 7. f4 exf4 8. Bxf4
Nfd7 9. Nf3 f6 10. O-O Ne5 11. Nd2 Nbd7 12. a3 a5 13. Nb5 b6 14. b4 axb4 15.
axb4 Rxa1 16. Qxa1 cxb4 17. Nd4 Nc5 18. Bxe5 fxe5 19. Nc6 Rxf1+ 20. Nxf1 Qe8
21. Nxe7+ Qxe7 22. Qa8 Qf8 23. Nd2 Bd7 24. Qxf8+ Kxf8 25. Bd1 Ke7 26. Kf2 Kd8
27. Ke3 Kc7 28. h3 b5 29. Be2 Kb6 30. Bd3 b3 31. Nb1 bxc4 32. Bxc4 Bb5 33. Nd2
b2 34. Ba2 Ka5 35. Nb1 Kb4 36. Kd2 Bd3 0-1

[Event "24. Torneo Colllado Villalba"]
[Site "Collado Villalba ESP"]
[Date "2007.08.24"]
[Round "2.30"]
[White "Sanchez Rodenas, Antonio"]
[Black "Rodriguez Gomez, Vicente"]
[Result "1-0"]
[WhiteElo "1795"]
[BlackElo "2148"]
[PlyCount "65"]
[EventDate "2007.08.23"]
[EventType "swiss"]
[EventRounds "9"]
[EventCountry "ESP"]
[Source "lmi"]
[SourceDate "2007.08.23"]

1. d4 Nf6 2. c4 g6 3. Nc3 Bg7 4. e4 d6 5. f4 O-O 6. Nf3 c5 7. d5 e6 8. Be2 exd5
9. cxd5 a6 10. a4 b6 11. O-O Re8 12. e5 Ng4 13. h3 Nh6 14. g4 Ra7 15. Bc4 Kh8
16. Ra3 Rae7 17. Ne4 dxe5 18. d6 Ra7 19. fxe5 Ng8 20. Neg5 Be6 21. Nxe6 fxe6
22. Ng5 Nh6 23. Nxe6 Rxe6 24. Bxe6 Nc6 25. Qd5 Nd4 26. Qc4 Qh4 27. d7 Ra8 28.
Bd5 Rf8 29. Rxf8+ Bxf8 30. Qxa6 Nxg4 31. Qf1 Be7 32. d8=Q+ Bxd8 33. Qf8# 1-0

[Event "24. Torneo Colllado Villalba"]
[Site "Collado Villalba ESP"]
[Date "2007.08.24"]
[Round "2.31"]
[White "Ramos Aldoradin, John Paul"]
[Black "Martinez Alvira, Santiago"]
[Result "1/2-1/2"]
[WhiteElo "2129"]
[BlackElo "1955"]
[PlyCount "86"]
[EventDate "2007.08.23"]
[EventType "swiss"]
[EventRounds "9"]
[EventCountry "ESP"]
[Source "lmi"]
[SourceDate "2007.08.23"]

1. Nf3 Nf6 2. d3 g6 3. g3 Bg7 4. Bg2 O-O 5. c4 c5 6. Nc3 Nc6 7. O-O d6 8. Rb1
Bd7 9. a3 a5 10. Ne1 Qc8 11. b3 Bh3 12. Nb5 Bxg2 13. Kxg2 Ne8 14. Bd2 Nc7 15.
Nc3 Ne6 16. f4 Ned4 17. e3 Nf5 18. Nb5 Na7 19. Nxa7 Rxa7 20. e4 Nd4 21. Nc2
Nxc2 22. Qxc2 Qa8 23. a4 b6 24. f5 Be5 25. Qd1 f6 26. fxg6 hxg6 27. Qf3 Kg7 28.
h4 Qc8 29. Rh1 Ra8 30. Rbd1 Bd4 31. Rhf1 Qe6 32. h5 g5 33. Qf5 Qxf5 34. exf5
Rh8 35. g4 Kf7 36. h6 Rh7 37. Rh1 Ke8 38. Kf3 Kd7 39. Ke4 Kc6 40. Rh5 Rah8 41.
Re1 Re8 42. Rf1 Reh8 43. Kf3 Re8 1/2-1/2

[Event "24. Torneo Colllado Villalba"]
[Site "Collado Villalba ESP"]
[Date "2007.08.24"]
[Round "2.32"]
[White "Martin Martin, Luis Vicente"]
[Black "Callejo Hernanz, Jesus Maria"]
[Result "1-0"]
[WhiteElo "2110"]
[BlackElo "1820"]
[PlyCount "115"]
[EventDate "2007.08.23"]
[EventType "swiss"]
[EventRounds "9"]
[EventCountry "ESP"]
[Source "lmi"]
[SourceDate "2007.08.23"]

1. e4 c5 2. Nf3 d6 3. d4 Nf6 4. Nc3 cxd4 5. Qxd4 a6 6. Bg5 Nc6 7. Qe3 e6 8.
O-O-O Qa5 9. Kb1 Be7 10. Bxf6 gxf6 11. Nd4 Nxd4 12. Qxd4 Qc5 13. Qxc5 dxc5 14.
Na4 b5 15. Nb6 Rb8 16. Nxc8 Rxc8 17. Be2 c4 18. c3 Rd8 19. a4 Bc5 20. axb5 axb5
21. f4 Ke7 22. Kc2 Rxd1 23. Rxd1 Rg8 24. Bf3 Ra8 25. e5 Ra7 26. Bc6 b4 27. cxb4
Bxb4 28. Rd4 fxe5 29. fxe5 Bc5 30. Rh4 h6 31. Kc3 Be3 32. Bb5 Ra1 33. Kxc4 Rc1+
34. Kd3 Bg5 35. Re4 Rd1+ 36. Kc3 Rh1 37. h3 Rg1 38. Re2 Rc1+ 39. Kb4 Rd1 40.
Bc4 Rd2 41. Kc3 Rxe2 42. Bxe2 f6 43. exf6+ Bxf6+ 44. Kc2 Kd6 45. b4 Bd4 46. Kd3
Bf2 47. Ke4 Ke7 48. Kf4 Kf6 49. Kg4 Bd4 50. Kh5 Kg7 51. h4 e5 52. Bd3 Be3 53.
b5 Kf6 54. g4 Bd4 55. Kxh6 Kf7 56. Kh7 Bf2 57. g5 Bxh4 58. g6+ 1-0

[Event "24. Torneo Colllado Villalba"]
[Site "Collado Villalba ESP"]
[Date "2007.08.24"]
[Round "2.33"]
[White "Semprun Martinez, Fernando"]
[Black "Sierra Bermejo, Gregorio"]
[Result "1-0"]
[WhiteElo "2155"]
[BlackElo "1802"]
[PlyCount "100"]
[EventDate "2007.08.23"]
[EventType "swiss"]
[EventRounds "9"]
[EventCountry "ESP"]
[Source "lmi"]
[SourceDate "2007.08.23"]

1. e4 e5 2. Nf3 Nf6 3. Nxe5 d6 4. Nf3 Nxe4 5. d4 d5 6. Bd3 Bd6 7. O-O O-O 8. c4
c6 9. Nc3 Nxc3 10. bxc3 dxc4 11. Bxc4 Bg4 12. Qd3 Bh5 13. Bg5 Qc7 14. h3 Bg6
15. Qd2 Nd7 16. Rfe1 Nb6 17. Bf1 Nd5 18. Bd3 Bxd3 19. Qxd3 h6 20. Bd2 Rfe8 21.
c4 Nf6 22. Qf5 Qd7 23. Qd3 b6 24. Bc3 Rxe1+ 25. Rxe1 Re8 26. Re3 Rxe3 27. Qxe3
Qf5 28. g4 Qb1+ 29. Kg2 Ne4 30. Nd2 Nxd2 31. Qxd2 Qe4+ 32. f3 Qe7 33. d5 cxd5
34. cxd5 Qh4 35. f4 Qe7 36. Be5 a5 37. Bxd6 Qxd6 38. Kf3 Qa3+ 39. Ke4 Qd6 40.
Qc3 Kf8 41. Qc8+ Ke7 42. Qb7+ Ke8 43. Qc8+ Ke7 44. Qb7+ Ke8 45. Qc6+ Ke7 46.
Qc3 f6 47. Qc4 Qc5 48. Qxc5+ bxc5 49. Kd3 Kd6 50. Kc4 g6 1-0

[Event "24. Torneo Colllado Villalba"]
[Site "Collado Villalba ESP"]
[Date "2007.08.24"]
[Round "2.34"]
[White "Marcos Herrero, Francisco"]
[Black "Ivanovitch Balsinde, Nicolas"]
[Result "0-1"]
[WhiteElo "1940"]
[BlackElo "2151"]
[PlyCount "68"]
[EventDate "2007.08.23"]
[EventType "swiss"]
[EventRounds "9"]
[EventCountry "ESP"]
[Source "lmi"]
[SourceDate "2007.08.23"]

1. e4 e5 2. Nf3 Nc6 3. Bb5 a6 4. Ba4 Nf6 5. O-O Bc5 6. c3 b5 7. Bb3 d6 8. d4
Bb6 9. a4 Bg4 10. Bg5 O-O 11. Bd5 Qd7 12. Bxf6 gxf6 13. Qd3 Rab8 14. axb5 axb5
15. Nbd2 Ne7 16. h3 Nxd5 17. exd5 Bf5 18. Ne4 Kg7 19. Nh4 Bg6 20. f4 f5 21.
Nxg6 hxg6 22. Ng5 e4 23. Qe3 Rfe8 24. g4 Qc8 25. Kh2 c6 26. gxf5 Qxf5 27. dxc6
f6 28. c7 Rbc8 29. Rf2 d5 30. Ra6 Bxc7 31. Ra7 fxg5 32. Rxc7+ Rxc7 33. fxg5 Qd7
34. Qf4 Rc6 0-1

[Event "24. Torneo Colllado Villalba"]
[Site "Collado Villalba ESP"]
[Date "2007.08.24"]
[Round "2.35"]
[White "Sarabia Utrilla, Joaquin"]
[Black "Alvarez Abejon, Amilcar"]
[Result "0-1"]
[WhiteElo "1929"]
[BlackElo "2064"]
[PlyCount "46"]
[EventDate "2007.08.23"]
[EventType "swiss"]
[EventRounds "9"]
[EventCountry "ESP"]
[Source "lmi"]
[SourceDate "2007.08.23"]

1. d4 d5 2. c4 Nc6 3. e3 e5 4. dxe5 d4 5. Ne2 Bb4+ 6. Bd2 dxe3 7. fxe3 Nxe5 8.
Nf4 Bxd2+ 9. Qxd2 Bf5 10. Qd5 Qxd5 11. Nxd5 O-O-O 12. Nbc3 c6 13. Nf4 Nf6 14.
Be2 Ne4 15. Nxe4 Bxe4 16. O-O Rd2 17. b3 g5 18. Rae1 gxf4 19. Rxf4 f5 20. Bf3
Bxf3 21. gxf3 Nd3 22. Rd4 Nxe1 23. Rxd2 Nxf3+ 0-1

[Event "24. Torneo Colllado Villalba"]
[Site "Collado Villalba ESP"]
[Date "2007.08.24"]
[Round "2.36"]
[White "Cobelas Rodriguez, Pilar"]
[Black "Menor Villamor, Jose Carlos"]
[Result "1-0"]
[WhiteElo "1925"]
[BlackElo "2032"]
[PlyCount "41"]
[EventDate "2007.08.23"]
[EventType "swiss"]
[EventRounds "9"]
[EventCountry "ESP"]
[Source "lmi"]
[SourceDate "2007.08.23"]

1. e4 d5 2. exd5 Qxd5 3. Nc3 Qa5 4. d4 Nf6 5. Nf3 c6 6. Be2 Bf5 7. O-O e6 8.
Ne5 Nbd7 9. Nc4 Qc7 10. g3 Nd5 11. Nxd5 cxd5 12. Ne3 Bh3 13. Re1 Bd6 14. Bg4
Bxg4 15. Qxg4 f5 16. Nxf5 O-O-O 17. Nxd6+ Qxd6 18. Bf4 Qb6 19. c4 dxc4 20. Rac1
Qxd4 21. Qxe6 1-0

[Event "24. Torneo Colllado Villalba"]
[Site "Collado Villalba ESP"]
[Date "2007.08.24"]
[Round "2.37"]
[White "Serrano Nunez, Dario"]
[Black "Tarin Casado, Francisco"]
[Result "1-0"]
[WhiteElo "2028"]
[BlackElo "1906"]
[PlyCount "57"]
[EventDate "2007.08.23"]
[EventType "swiss"]
[EventRounds "9"]
[EventCountry "ESP"]
[Source "lmi"]
[SourceDate "2007.08.23"]

1. e4 c6 2. d4 d5 3. Nd2 dxe4 4. Nxe4 Bf5 5. Ng3 Bg6 6. N1e2 Nf6 7. Nf4 Nbd7 8.
Bc4 e6 9. O-O Be7 10. Bxe6 fxe6 11. Nxe6 Qa5 12. Bd2 Qb6 13. Nxg7+ Kf7 14. N7f5
Qxb2 15. Nh6+ Kg7 16. Ngf5+ Bxf5 17. Nxf5+ Kf7 18. Qe2 Rhe8 19. Nh6+ Kg7 20.
Qc4 Qb5 21. Qf7+ Kh8 22. Rfe1 Bd6 23. c4 Qb2 24. Nf5 Bf8 25. Bg5 Ng8 26. Qxd7
Qc3 27. Rec1 Qd3 28. Qf7 Re2 29. Be3 1-0

[Event "24. Torneo Colllado Villalba"]
[Site "Collado Villalba ESP"]
[Date "2007.08.24"]
[Round "2.38"]
[White "Baeza Escudero, Javier"]
[Black "Clopes Llahi, Judit"]
[Result "1/2-1/2"]
[WhiteElo "1895"]
[BlackElo "2020"]
[PlyCount "104"]
[EventDate "2007.08.23"]
[EventType "swiss"]
[EventRounds "9"]
[EventCountry "ESP"]
[Source "lmi"]
[SourceDate "2007.08.23"]

1. e4 c6 2. d4 d5 3. Nc3 dxe4 4. Nxe4 Nd7 5. Bc4 Ngf6 6. Nxf6+ Nxf6 7. c3 e6 8.
Nf3 Be7 9. O-O O-O 10. Qc2 Qc7 11. Bd3 h6 12. Ne5 Bd6 13. f4 c5 14. Qf2 cxd4
15. cxd4 Rd8 16. Bd2 Bf8 17. Kh1 g6 18. Rac1 Qb6 19. Bc3 Qd6 20. Rg1 b6 21.
Rce1 Bb7 22. h3 Bg7 23. Kh2 Nd5 24. Be4 Rab8 25. Kh1 Rdc8 26. Qd2 a5 27. a3
Nxc3 28. Bxb7 Rxb7 29. bxc3 Qxa3 30. Re3 Qd6 31. g4 b5 32. f5 exf5 33. gxf5 g5
34. h4 Bxe5 35. Rxe5 Qc6+ 36. Kh2 f6 37. Re6 Qxc3 38. Qg2 Rg7 39. Qd5 Qc7+ 40.
Kh1 Qf7 41. Rge1 Kh7 42. Qf3 g4 43. Qg3 b4 44. Re7 Qd5+ 45. Qg2 Qxg2+ 46. Kxg2
Rc7 47. Re8 Rc2+ 48. Kg3 Rc3+ 49. Kf4 Rc4 50. Rd8 h5 51. Ree8 Kh6 52. Rh8+ Rh7
1/2-1/2

[Event "24. Torneo Colllado Villalba"]
[Site "Collado Villalba ESP"]
[Date "2007.08.24"]
[Round "2.39"]
[White "Collado Barbas, Laura"]
[Black "Heras Cuenca, Miguel Angel"]
[Result "1-0"]
[WhiteElo "1883"]
[BlackElo "2014"]
[PlyCount "83"]
[EventDate "2007.08.23"]
[EventType "swiss"]
[EventRounds "9"]
[EventCountry "ESP"]
[Source "lmi"]
[SourceDate "2007.08.23"]

1. d4 Nf6 2. c4 c5 3. d5 b5 4. cxb5 a6 5. bxa6 Bxa6 6. Nc3 g6 7. e4 Bxf1 8.
Kxf1 d6 9. g3 Bg7 10. f4 O-O 11. Kg2 Nbd7 12. Nf3 Ra7 13. Re1 Qa8 14. Qc2 Nb6
15. b3 e6 16. dxe6 fxe6 17. Bb2 d5 18. e5 Nfd7 19. Nb5 Ra5 20. Nd6 d4 21. Nc4
Ra6 22. Nxb6 Rxb6 23. Kf2 g5 24. Nxg5 Rf5 25. Nxe6 Rh5 26. Kg1 Rxe6 27. Qc4 Qa6
28. Rac1 Qxc4 29. Rxc4 Ra6 30. a3 Kf7 31. b4 Bf8 32. bxc5 Nxc5 33. Bxd4 Nd3 34.
Rb1 Rxa3 35. Rb6 Rh6 36. Rc7+ Kg8 37. Rxh6 Bxh6 38. e6 Ra8 39. f5 Re8 40. Kf1
Bf8 41. f6 Rxe6 42. f7# 1-0

[Event "24. Torneo Colllado Villalba"]
[Site "Collado Villalba ESP"]
[Date "2007.08.24"]
[Round "2.40"]
[White "Barahona Torrijos, Angel"]
[Black "Gonzalo Gonzalez, Francisco"]
[Result "1-0"]
[WhiteElo "2014"]
[BlackElo "1878"]
[PlyCount "33"]
[EventDate "2007.08.23"]
[EventType "swiss"]
[EventRounds "9"]
[EventCountry "ESP"]
[Source "lmi"]
[SourceDate "2007.08.23"]

1. e4 c5 2. a3 Nc6 3. b4 cxb4 4. axb4 Nxb4 5. Ra4 e5 6. Nf3 Qc7 7. Nc3 Nf6 8.
Ba3 Nc6 9. Qa1 d6 10. Nd5 Nxd5 11. exd5 Ne7 12. Nxe5 dxe5 13. d6 Qd7 14. dxe7
Qxa4 15. exf8=Q+ Rxf8 16. Qxe5+ Kd8 17. Qe7# 1-0

[Event "24. Torneo Colllado Villalba"]
[Site "Collado Villalba ESP"]
[Date "2007.08.24"]
[Round "2.41"]
[White "Tevar Sanz, Gonzalo"]
[Black "Zanoletti Garcia, David"]
[Result "0-1"]
[WhiteElo "1877"]
[BlackElo "2009"]
[PlyCount "66"]
[EventDate "2007.08.23"]
[EventType "swiss"]
[EventRounds "9"]
[EventCountry "ESP"]
[Source "lmi"]
[SourceDate "2007.08.23"]

1. e4 e6 2. d4 d5 3. Nc3 Nf6 4. Bg5 Be7 5. e5 Nfd7 6. Bxe7 Qxe7 7. Nf3 a6 8.
Be2 c5 9. O-O Nc6 10. Re1 O-O 11. Bf1 Rd8 12. Ne2 b6 13. c3 Bb7 14. Nf4 Rac8
15. Bd3 Rc7 16. h4 Nf8 17. Re3 cxd4 18. cxd4 Nb4 19. Bb1 Rdc8 20. Ng5 g6 21.
Bd3 h6 22. Ngxe6 Nxd3 23. Qxd3 Rc1+ 24. Rxc1 Rxc1+ 25. Kh2 Nxe6 26. Nxg6 fxg6
27. Qxg6+ Ng7 28. Qxh6 Rc6 29. Qf4 Qf7 30. Qg5 Rg6 31. Qd8+ Qe8 32. Qc7 Qc8 33.
Qe7 Nf5 0-1

[Event "24. Torneo Colllado Villalba"]
[Site "Collado Villalba ESP"]
[Date "2007.08.24"]
[Round "2.42"]
[White "Pardo Robles, Jose Manuel"]
[Black "Benito Alba, Eladio"]
[Result "1-0"]
[WhiteElo "2005"]
[BlackElo "1873"]
[PlyCount "37"]
[EventDate "2007.08.23"]
[EventType "swiss"]
[EventRounds "9"]
[EventCountry "ESP"]
[Source "lmi"]
[SourceDate "2007.08.23"]

1. c4 e5 2. Nc3 Nf6 3. g3 c6 4. Bg2 d5 5. Qa4 d4 6. Ne4 Nxe4 7. Bxe4 f5 8. Bg2
Bd6 9. d3 O-O 10. c5 Bc7 11. Qc4+ Kh8 12. Nf3 h6 13. h4 Qd5 14. Qxd5 cxd5 15.
b4 a5 16. b5 Nd7 17. Ba3 Nf6 18. b6 Bb8 19. c6 1-0

[Event "24. Torneo Colllado Villalba"]
[Site "Collado Villalba ESP"]
[Date "2007.08.24"]
[Round "2.43"]
[White "Tuimil Martinez, Ricardo"]
[Black "De Nacimiento Montaño, Angel"]
[Result "0-1"]
[WhiteElo "1819"]
[BlackElo "1999"]
[PlyCount "80"]
[EventDate "2007.08.23"]
[EventType "swiss"]
[EventRounds "9"]
[EventCountry "ESP"]
[Source "lmi"]
[SourceDate "2007.08.23"]

1. Nf3 c5 2. g3 g6 3. Bg2 Bg7 4. O-O Nf6 5. b3 O-O 6. Bb2 d5 7. d3 Nc6 8. Nbd2
Bd7 9. e4 d4 10. h3 e5 11. Kh1 Qc8 12. Ng1 Nh5 13. a3 a6 14. Qe2 Ne7 15. c3 Bc6
16. cxd4 cxd4 17. Rac1 f5 18. Kh2 Qe8 19. Nc4 Rd8 20. Nf3 fxe4 21. dxe4 Nc8 22.
Rce1 b5 23. Ncd2 Nd6 24. Qd1 Rc8 25. b4 Nc4 26. Bc1 Kh8 27. Nb3 Nf6 28. Nc5 g5
29. Nxg5 Bd7 30. Qb3 a5 31. Qd3 h6 32. Nf3 Bc6 33. Nd2 Nd7 34. Nxc4 Nxc5 35.
bxc5 bxc4 36. Qxc4 Bb5 37. Qd5 Bxf1 38. Rxf1 Qc6 39. Bd2 Rfd8 40. Qxc6 Rxc6 0-1

[Event "24. Torneo Colllado Villalba"]
[Site "Collado Villalba ESP"]
[Date "2007.08.24"]
[Round "2.44"]
[White "Avendaño Mateos, Jose"]
[Black "Duque Suarez, Leonardo"]
[Result "1-0"]
[WhiteElo "1998"]
[BlackElo "1772"]
[PlyCount "43"]
[EventDate "2007.08.23"]
[EventType "swiss"]
[EventRounds "9"]
[EventCountry "ESP"]
[Source "lmi"]
[SourceDate "2007.08.23"]

1. d4 d5 2. Nf3 c5 3. e3 Nf6 4. b3 cxd4 5. Nxd4 a6 6. Be2 e6 7. O-O Be7 8. Bb2
O-O 9. Nd2 Nc6 10. N2f3 Bd7 11. Rc1 Qa5 12. a4 Nxd4 13. Bxd4 Rac8 14. Ne5 Rfd8
15. Bd3 Bc6 16. Qf3 Qc7 17. Qh3 h6 18. f4 Ne4 19. Rf3 f6 20. Qxe6+ Kh7 21. Nxc6
Qxc6 22. Qxe7 1-0

[Event "24. Torneo Colllado Villalba"]
[Site "Collado Villalba ESP"]
[Date "2007.08.24"]
[Round "2.45"]
[White "Medrano Del Val, Julio"]
[Black "Perez Cameselle, Francisco"]
[Result "0-1"]
[WhiteElo "1738"]
[BlackElo "1996"]
[PlyCount "76"]
[EventDate "2007.08.23"]
[EventType "swiss"]
[EventRounds "9"]
[EventCountry "ESP"]
[Source "lmi"]
[SourceDate "2007.08.23"]

1. e4 c5 2. d4 cxd4 3. Nf3 e6 4. Bc4 Nf6 5. Qe2 Nc6 6. h3 d6 7. O-O Be7 8. Rd1
Qb6 9. e5 dxe5 10. Nxe5 O-O 11. Ng4 Nxg4 12. Qxg4 e5 13. Qg3 Kh8 14. Nd2 Bf5
15. Bd3 Bxd3 16. cxd3 Qc7 17. a3 Bf6 18. Nf3 Rae8 19. b4 a6 20. Bd2 Qd7 21. Nh2
e4 22. Rac1 Be5 23. f4 Bd6 24. Rc4 e3 25. Bc1 Qc7 26. Qf3 Bxf4 27. Nf1 Qd6 28.
Rc5 Be5 29. Bb2 Re6 30. Rdc1 e2 31. Rd5 exf1=Q+ 32. Kxf1 Qc7 33. Rc4 Rd6 34.
Rdc5 Re8 35. Rc1 Rde6 36. Re1 Bd6 37. Bxd4 Rxe1+ 38. Kf2 Nxd4 0-1

[Event "24. Torneo Colllado Villalba"]
[Site "Collado Villalba ESP"]
[Date "2007.08.24"]
[Round "2.46"]
[White "De Nacimiento Montaño, Antonio"]
[Black "Peral Aparicio, Jesus"]
[Result "1-0"]
[WhiteElo "1992"]
[BlackElo "1707"]
[PlyCount "65"]
[EventDate "2007.08.23"]
[EventType "swiss"]
[EventRounds "9"]
[EventCountry "ESP"]
[Source "lmi"]
[SourceDate "2007.08.23"]

1. e4 c5 2. Nf3 d6 3. d4 cxd4 4. Nxd4 Nf6 5. Nc3 a6 6. Be2 e6 7. O-O Qc7 8. Be3
b5 9. a3 Bb7 10. f3 Nbd7 11. Qe1 Rc8 12. Rd1 Ne5 13. Qg3 h6 14. Rfe1 Ng6 15.
Bd3 Ne5 16. Be2 Ng6 17. Nxe6 fxe6 18. Qxg6+ Qf7 19. Qg3 e5 20. Bd3 Be7 21. Nd5
Bxd5 22. exd5 Qg8 23. Bg6+ Kf8 24. Qh3 Rb8 25. Qf5 Bd8 26. f4 e4 27. Bf2 Ke7
28. Bh4 Bb6+ 29. Kh1 Rf8 30. Qxe4+ Kd7 31. Qe7+ Kc8 32. Qxd6 Bc7 33. Qc6 1-0

[Event "24. Torneo Colllado Villalba"]
[Site "Collado Villalba ESP"]
[Date "2007.08.24"]
[Round "2.47"]
[White "Martinez Sanz, Matias"]
[Black "Gordillo Lopez, Manuel"]
[Result "0-1"]
[WhiteElo "1641"]
[BlackElo "1991"]
[PlyCount "59"]
[EventDate "2007.08.23"]
[EventType "swiss"]
[EventRounds "9"]
[EventCountry "ESP"]
[Source "lmi"]
[SourceDate "2007.08.23"]

1. e4 e6 2. d4 d5 3. exd5 exd5 4. c4 Bb4+ 5. Nc3 Qe7+ 6. Qe2 Bg4 7. Qxe7+ Nxe7
8. h3 Be6 9. cxd5 Nxd5 10. Bd2 Nc6 11. Nf3 O-O-O 12. Bd3 h6 13. O-O g5 14. Rac1
Bd6 15. Ne4 Bf4 16. Rfd1 g4 17. hxg4 Bxg4 18. Rxc6 bxc6 19. Ba6+ Kb8 20. Ba5
Bc8 21. Nc5 Bxa6 22. Nxa6+ Kc8 23. g3 Bd6 24. Nd2 Kb7 25. Nc5+ Bxc5 26. dxc5
Ka6 27. Nb3 Rhe8 28. Rd4 Re2 29. Bxc7 Rde8 30. Bd6 0-1

[Event "24. Torneo Colllado Villalba"]
[Site "Collado Villalba ESP"]
[Date "2007.08.24"]
[Round "2.48"]
[White "Rodrigo Yanguas, Maria"]
[Black "Nieto De La Cruz, Julio"]
[Result "1/2-1/2"]
[WhiteElo "1988"]
[BlackElo "1625"]
[PlyCount "120"]
[EventDate "2007.08.23"]
[EventType "swiss"]
[EventRounds "9"]
[EventCountry "ESP"]
[Source "lmi"]
[SourceDate "2007.08.23"]

1. e4 c5 2. Nf3 d6 3. d4 Nf6 4. Nc3 cxd4 5. Nxd4 g6 6. Be3 Bg7 7. f3 O-O 8. Qd2
Nc6 9. O-O-O Bd7 10. g4 Qa5 11. h4 Rac8 12. h5 b5 13. Nb3 Qc7 14. Nd5 Nxd5 15.
exd5 Ne5 16. Nd4 Nc4 17. Bxc4 Qxc4 18. Qh2 Qxa2 19. hxg6 fxg6 20. Qxh7+ Kf7 21.
Rh6 Rg8 22. Qxg6+ Kf8 23. Rh7 Qxd5 24. Nf5 Qf7 25. Qxf7+ Kxf7 26. Nh6+ Kg6 27.
Nxg8 Rxg8 28. Rhh1 a5 29. Bd4 Bh6+ 30. Kb1 Rf8 31. Rhe1 Rf7 32. Be3 Bg7 33. Bb6
a4 34. Bd8 Bf8 35. Rd3 Bc6 36. Rde3 e5 37. Rf1 Bd5 38. g5 Bc4 39. Rd1 Rd7 40.
Bf6 Ra7 41. Ree1 Rb7 42. Rd2 Rb8 43. Rh1 Be6 44. Rh8 Kf7 45. Rdh2 Bd5 46. R2h7+
Kg6 47. Rh3 Kf7 48. Rg3 Be6 49. g6+ Kxf6 50. g7 Bxg7 51. Rxb8 Bc4 52. Rxg7 Kxg7
53. Kc1 Kf6 54. Kd2 Ke6 55. Ke3 Kd5 56. Rh8 Kc5 57. Rh2 Bd5 58. Rd2 Bc6 59. Rd1
b4 60. Rh1 Kc4 1/2-1/2

[Event "24. Torneo Colllado Villalba"]
[Site "Collado Villalba ESP"]
[Date "2007.08.24"]
[Round "2.50"]
[White "Camarero Izquierdo, Juan Carlos"]
[Black "Garcia-Sanchez Navarro-Prieto, Ma"]
[Result "1-0"]
[WhiteElo "1981"]
[BlackElo "1584"]
[PlyCount "60"]
[EventDate "2007.08.23"]
[EventType "swiss"]
[EventRounds "9"]
[EventCountry "ESP"]
[Source "lmi"]
[SourceDate "2007.08.23"]

1. e4 e5 2. Nf3 Nc6 3. Bb5 f5 4. O-O fxe4 5. Bxc6 dxc6 6. Nxe5 Nf6 7. d4 Bd6 8.
Qe2 Be6 9. Bg5 Bf5 10. Nd2 Qe7 11. Ndc4 h6 12. Bxf6 Qxf6 13. f3 e3 14. Qxe3
O-O-O 15. Qb3 Be6 16. Qe3 Bxc4 17. Nxc4 Rhe8 18. Qd3 Bf4 19. c3 Rd5 20. Rae1
Red8 21. g3 Qg5 22. Kf2 Bd6 23. Re6 Qh5 24. h4 g5 25. Qg6 Bxg3+ 26. Kxg3 Qxh4+
27. Kg2 g4 28. Ne5 Qh3+ 29. Kf2 Qh2+ 30. Ke3 g3 1-0

[Event "24. Torneo Colllado Villalba"]
[Site "Collado Villalba ESP"]
[Date "2007.08.25"]
[Round "3.11"]
[White "Mena Corrochano, Alberto"]
[Black "Gallardo Garcia, Andres"]
[Result "0-1"]
[WhiteElo "2169"]
[BlackElo "2352"]
[PlyCount "72"]
[EventDate "2007.08.23"]
[EventType "swiss"]
[EventRounds "9"]
[EventCountry "ESP"]
[Source "lmi"]
[SourceDate "2007.08.23"]

1. d4 Nf6 2. c4 e6 3. Nc3 Bb4 4. e3 O-O 5. Nge2 d5 6. a3 Be7 7. Nf4 c6 8. Be2
Nbd7 9. cxd5 exd5 10. O-O Bd6 11. b4 b5 12. Nd3 a5 13. bxa5 Qxa5 14. Na2 Qc7
15. g3 Nb6 16. Nab4 Bh3 17. Re1 Rfe8 18. Qc2 Nc4 19. Bf1 Bf5 20. Qb3 h5 21. Ra2
h4 22. Bg2 hxg3 23. hxg3 Be4 24. f4 Bxb4 25. Nxb4 Bxg2 26. Rxg2 Ng4 27. Qd3 Re4
28. Nc2 Qd6 29. Qf1 f5 30. Rge2 Re6 31. Kg2 Rh6 32. Qf3 Rh2+ 33. Kg1 Rh3 34.
Rg2 Qh6 35. Kf1 Nh2+ 36. Rxh2 Rxh2 0-1

[Event "24. Torneo Colllado Villalba"]
[Site "Collado Villalba ESP"]
[Date "2007.08.25"]
[Round "3.12"]
[White "Vazquez Igarza, Renier"]
[Black "Coleto Calderon, Jose Antonio"]
[Result "1-0"]
[WhiteElo "2553"]
[BlackElo "2159"]
[PlyCount "75"]
[EventDate "2007.08.23"]
[EventType "swiss"]
[EventRounds "9"]
[EventCountry "ESP"]
[Source "lmi"]
[SourceDate "2007.08.23"]

1. Nf3 d5 2. d4 e6 3. c4 c6 4. Nc3 f5 5. Bg5 Nf6 6. e3 Be7 7. Qc2 O-O 8. Bd3
Ne4 9. Bxe7 Qxe7 10. O-O Bd7 11. Ne5 Be8 12. Bxe4 fxe4 13. Qb3 Bh5 14. cxd5
exd5 15. Nxe4 Be2 16. Rfe1 Ba6 17. Nc5 Rf6 18. e4 Qd8 19. Nxb7 Qb6 20. Nc5 Qxb3
21. axb3 Bb5 22. f3 Rd6 23. Nb7 Re6 24. Kf2 Na6 25. Rxa6 Bxa6 26. Nc5 Rxe5 27.
dxe5 Bb5 28. exd5 cxd5 29. Ke3 d4+ 30. Kxd4 Rd8+ 31. Kc3 Kf7 32. f4 Ke7 33. b4
h5 34. g3 Bc6 35. Ra1 Ra8 36. Kc4 Bf3 37. b5 Ke8 38. b6 1-0